Missing Word: 'C' European History Quiz Stats

 Plays Quiz Updated Jan 19, 2017

Support Sporcle.
Go Orange.
Score 0/30 Timer 03:00
0 Plays Today
Hint Answer % Correct
Julius ____ - Roman dictatorCaesar
95.9%
Winston ____ - UK Prime MinisterChurchill
95.3%
Magna ____ Carta
95%
____ Darwin - Developed a theory of evolutionCharles
93.9%
Agatha ____ - English crime novelistChristie
91.5%
Marie ____ - chemist and physicistCurie
82.2%
____ Monet - impressionist painterClaude
81.3%
____ the Great - Russian empressCatherine
81.2%
____ Brontë - English novelistCharlotte
81%
____ disaster - nuclear accidentChernobyl
79.6%
William the ____ - English kingConqueror
73.8%
Geneva ____ - established wartime lawsConventions
73.4%
The First ____ - attempt to capture Holy LandCrusade
72.6%
____ Charlie - Berlin Wall station Checkpoint
67.1%
The ____ Manifesto Communist
65.3%
Hint Answer % Correct
____ War Crimean
62.8%
James ____ - British captain and explorerCook
62.5%
Jacques ____ - ocean explorerCousteau
60.5%
Frédéric ____ - Polish composerChopin
60.2%
Miguel de ____ - Spanish authorCervantes
59.9%
Hernán ____ - conquistadorCortés
59.2%
John ____ - Protestant Reformation theologianCalvin
56.6%
Albert ____ - absurdist philosopherCamus
51.1%
El ____ - Castilian military heroCid
48.2%
Anton ____ - Russian playwrightChekhov
39.2%
Fall of ____ Constantinople
33.2%
Marcus Tullius ____ - Roman political philosopherCicero
23.7%
Nicolae ____ - Romanian dictatorCeaușescu
20.6%
____ of Vienna Congress
16%
____ of the Third Century - Roman military anarchyCrisis
9.5%

Today's Daily Dose

Missing Word
FPS Games (A-Z)

Quick Pick
Cartoon Lions

Get the Picture
5, 6, 7, or 8 Movies

You're not logged in!

Compare scores with friends on all Sporcle quizzes.
OR
Log In
Forgot?

From the Vault

Odd But True Facts IV

by babymonkee

Just because these facts are true doesn't mean they're not weird.
Remove Ads.
Support Sporcle.
Get the best of Sporcle when you Go Orange. This ad-free experience offers more features, more stats, and more fun while also helping to support Sporcle. Thank you for becoming a member.

Show Comments

Extras

Top Quizzes Today


Score Distribution

Your Account Isn't Verified!

In order to create a playlist on Sporcle, you need to verify the email address you used during registration. Go to your Sporcle Settings to finish the process.

Report this User

Report this user for behavior that violates our Community Guidelines.

Details: